LEADER 01130nam a2200301 i 4500 001 991001613059707536 008 030516s1996 enk 000 0 eng d 020 $a0412399008 035 $ab12172236-39ule_inst 040 $aDip.to Biologia$beng 082 0 $a595.7$222 245 00$aInsect natural enemies :$bpractical approaches to their study and evaluation /$cedited by Mark Jervis, Neil Kidd 250 $a1st ed. 260 3 $aLondon ;$aNew York :$bChapman & Hall,$c1996 300 $ax, 491 p. :$bill. ;$c26 cm 504 $aIncludes bibliographical references (p. [395]-458) and indexes 650 0$aInsect pests$xResearch 650 0$aInsects$xResearch 650 0$aInsect pests$xBiological control 650 0$aInsect pests$xControl 700 1 $aJervis, Mark 700 1 $aKidd, Neil 907 $a.b12172236$b20-07-11$c16-05-03 912 $a991001613059707536 945 $aLE003 595.7 JER01.01 (1996)$g1$i2003000040265$lle003$o-$pE0.00$q-$rl$s- $t0$u0$v0$w0$x0$y.i12516065$z16-05-03 996 $aInsect natural enemies$9145411 997 $aUNISALENTO 998 $ale003$b16-05-03$cm$da $e-$feng$genk$h0$i1 LEADER 02172nam 2200517 a 450 001 9910701437503321 005 20120411120520.0 035 $a(CKB)5470000002418704 035 $a(OCoLC)785407393 035 $a(EXLCZ)995470000002418704 100 $a20120411d2009 ua 0 101 0 $aeng 135 $aurbn||||||||| 181 $ctxt$2rdacontent 182 $cc$2rdamedia 183 $acr$2rdacarrier 200 00$aScience Advisory Board (SAB) advisory on EPA's draft Guidelines for preparing economic analyses (2008)$b[electronic resource] /$f[signed] Deborah L. Swackhamer, Catherine Kling 210 1$aWashington, D.C. :$cU.S. Environmental Protection Agency, Office of the Administrator, Science Advisory Board,$d2009. 215 $a1 online resource (64 unnumbered pages) 300 $aTitle from title screen (viewed on Apr. 11, 2011). 300 $a"September 24, 2009'. 300 $a"EPA-SAB-09-018". 320 $aIncludes bibliographical references (page [57-64]). 517 $aScience Advisory Board 606 $aEnvironmental law$xEconomic aspects 606 $aEnvironmental economics 606 $aEnvironmental policy$xEconomic aspects 606 $aEnvironmental policy$zUnited States 606 $aEnvironmental impact analysis$zUnited States 606 $aEnvironmental protection$xEconomic aspects$zUnited States 615 0$aEnvironmental law$xEconomic aspects. 615 0$aEnvironmental economics. 615 0$aEnvironmental policy$xEconomic aspects. 615 0$aEnvironmental policy 615 0$aEnvironmental impact analysis 615 0$aEnvironmental protection$xEconomic aspects 701 $aSwackhamer$b Deborah Liebl$01389701 701 $aKling$b Catherine L$01413706 712 02$aUnited States.$bEnvironmental Protection Agency.$bScience Advisory Board. 712 02$aUnited States.$bEnvironmental Protection Agency.$bOffice of the Administrator. 801 0$bGPO 801 1$bGPO 906 $aBOOK 912 $a9910701437503321 996 $aScience Advisory Board (SAB) advisory on EPA's draft Guidelines for preparing economic analyses (2008)$93510796 997 $aUNINA LEADER 01161nas 2200409-a 450 001 9910144367103321 005 20240413025603.0 035 $a(CKB)991042728742880 035 $a(CONSER)---83643627- 035 $a(EXLCZ)99991042728742880 100 $a19830524b19792019 --o c 101 0 $arus 181 $ctxt$2rdacontent 182 $cc$2rdamedia 183 $acr$2rdacarrier 200 00$aSimvol 210 $aParis $cSimvol 215 $a1 online resource 311 $aPrint version: Simvol. (DLC) 83643627 (OCoLC)9541305 0222-1292 531 $aSIMBOL 606 $aChurch$vPeriodicals 606 $aChristianity$vPeriodicals 606 $aChristianity$2fast$3(OCoLC)fst00859599 606 $aChurch$2fast$3(OCoLC)fst00860364 608 $aRussian émigré religious periodicals. 608 $aPeriodicals.$2fast 615 0$aChurch 615 0$aChristianity 615 7$aChristianity. 615 7$aChurch. 676 $a205 712 02$aSlavi?a?nskai?a? biblioteka v Parizhe. 906 $aJOURNAL 912 $a9910144367103321 920 $aexl_impl conversion 996 $aSimvol$91087003 997 $aUNINA